Main locations from "Earthbound" (Mother 2) - Statistics

General Stats
  • This quiz has been taken 251 times
  • The average score is 12 of 17
Answer Stats
Hint Answer % Correct
Ness' hometown Onett
99%
Paula's hometown Twoson
94%
Biggest city in the game Fourside
93%
Zombie-infested town Threed
92%
Jeff's cold home Winters
87%
Sunny paradise Summers
83%
Inside Ness' mind Magicant
78%
Dark counterpart of the previous city Moonside
76%
Sectarian village Happy Happy Village
70%
Poo's skybound hometown Dalaam
65%
Earthly home of tiny space aliens Saturn Valley
63%
Tropical swamp Deep Darkness
61%
Another desert, with town, a pyramid and a sphinx Scaraba
60%
Underground place of dinosaurs Lost Underworld
53%
Area that connects the previous and following locations Peaceful Rest Valley
43%
Desert with a drugstore and a maze Dusty Dunes Desert
39%
Area that connects the previous and following locations Grapefruit Falls
28%
No matching quizzes found
Score Distribution
Percent of People with Each Score
Percentile by Number Answered
Your Score History
You have not taken this quiz